| 000 | 01207cam a2200325 i 4500 | ||
|---|---|---|---|
| 999 |
_c6532 _d6532 |
||
| 001 | 18836954 | ||
| 003 | GZU | ||
| 005 | 20210426120757.0 | ||
| 008 | 151029s2017 caua b 001 0 eng | ||
| 010 | _a 2015039717 | ||
| 020 | _a9781506314402 (hardcover : alk. paper) | ||
| 040 |
_aDLC _beng _cDLC _erda _dDLC |
||
| 042 | _apcc | ||
| 050 | 0 | 0 |
_aHD58.7 _b.NEC 2017 |
| 082 | 0 | 0 |
_a658.3 _223 |
| 100 | 1 |
_aNeck, Christopher P., _eauthor. |
|
| 245 | 1 | 0 |
_aOrganizational behavior : _ba critical-thinking approach / _cChristopher P. Neck, Jeffery D. Houghton, Emma L. Murray. |
| 264 | 1 |
_aLos Angeles : _bSAGE, _c[2017] |
|
| 300 |
_axxvi, 523 pages : _bcolor illustrations ; _c27 cm |
||
| 336 |
_atext _2rdacontent |
||
| 337 |
_aunmediated _2rdamedia |
||
| 338 |
_avolume _2rdacarrier |
||
| 504 | _aIncludes bibliographical references (pages 465-486) and indexes. | ||
| 650 | 0 | _aOrganizational behavior. | |
| 700 | 1 |
_aHoughton, Jeffery D., _eauthor. |
|
| 700 | 1 |
_aMurray, Emma L., _eauthor. |
|
| 906 |
_a7 _bcbc _corignew _d1 _eecip _f20 _gy-gencatlg |
||
| 942 |
_2lcc _cBK _h58.7 _iNEC _kHD |
||